000 00526nam a2200181Ia 4500
003 OSt
005 20200813112640.0
008 190216s9999||||xx |||||||||||||| ||und||
020 _a8122412106
040 _coclc
082 _a543.0858
_bKAL/S
100 _aKalsi, P S
_94097
245 0 _aSpectroscopy Of Organic Compounds /
_cP S Kalsi
250 _a4th Ed.
260 _bNew Age International Publishers,
_c1999.
_aNew Delhi:
300 _a494p
942 _cBK
_2ddc
_h543.0858
_iKAL/S
_k543.0858
_mKAL/S
999 _c2861
_d2861